000 00837 a2200265 4500
003 CBULib
005 20241106124450.0
008 241101b |||||||| |||| 00| 0 eng d
020 _a9781412996440
040 _bEnglish
_cCBULib
_erda
050 _aBF 713 Mil
100 _aMiller, Scott A.
245 _aDevelopmental research methods
_c/ by Scott A. Miller
250 _aFourth edition.
260 _bSAGE,
_c2013
_aThousand Oak :
300 _ax, 435 pages : illustration
336 _2rdacontent
_aText |
_btxt
337 _2rdamedia
_aUnmediated |
_bn
338 _2rdacarrier
_aVolume
_bnc
500 _aIncludes bibliographical references and index.
650 0 _93935
_aDEVELOPMENTAL PSYCHOLOGY - RESEARCH - METHODOLOGY
650 0 _93936
_aPSYCHOLOGT METHODS
650 0 _93937
_aHUMAN DEVELOPMENT
942 _2lcc
_c002
999 _c85742
_d85742